000
00306nam a22001337a 4500
020
_a
978-0-07-451712-3
041
_a
ENG
100
_a
Karanth.K.R
245
_a
Ground Water Assesment Development And Management
260
_a
Chennal
_b
Mc Geaw Hill
_c
2018
300
_a
720
650
_a
IDE
856
_u
IDE
999
_c
70
_d
70